| 000 | | | 03876cam0a2200289#x 450 |
| 001 | | | df077b30-b9ac-4917-8390-f634654820e4 |
| 005 | | | 20210827144035.0 |
| 100 | ## | $a | 20210823j19401029k###0rusy50 ca |
| 101 | 0# | $a | rus |
| 102 | ## | $a | RU |
| 105 | ## | $a | y###z######## |
| 122 | 0# | $a | d19401029## |
| 200 | 1# | $a | Спецсообщение РУ Генштаба Красной армии "О греческой армии" |
| | $j | 29 октября 1940 г. |
| 251 | ## | $c | Документ |
| 300 | ## | $a | Подлинник |
| 461 | #0 | $1 | 2001 |
| | $a | Ф. 33988 |
| | $1 | 251 |
| | $c | Фонд |
| | $1 | 852 |
| | $j | 33988 |
| 462 | #0 | $1 | 2001 |
| | $a | Оп. 4а |
| | $1 | 251 |
| | $c | Опись |
| | $1 | 852 |
| | $j | 4а |
| 462 | #0 | $1 | 2001 |
| | $a | Д. 36 |
| | $v | Л. 474-475 |
| | $1 | 251 |
| | $c | Дело |
| | $1 | 852 |
| | $j | 36 |
| 605 | ## | $2 | prlib_sh |
| | $3 | LIBNET\UAF\0000088514 |
| | $a | Вторая мировая война в архивных документах (Комплекс оцифрованных архивных документов, кино- и фотоматериалов) |
| | $l | коллекция |
| 617 | ## | $2 | prlib_sh |
| | $a | Греция |
| | $f | 1940 |
| 686 | ## | $a | 63.3(4Гре)62-35ю11 |
| | $v | LBC/M |
| | $2 | rubbk |
| 801 | #0 | $a | RU |
| | $b | ПБ им. Б.Н. Ельцина |
| | $c | 20210823 |
| 801 | #1 | $a | RU |
| | $b | ПБ им. Б.Н. Ельцина |
| | $c | 20210823 |
| | $2 | rusmarc |
| 801 | #2 | $a | RU |
| | $b | ПБ им. Б.Н. Ельцина |
| | $c | 20210827 |
| | $2 | rusmarc |
| 850 | ## | $a | Российский государственный военный архив |
| 852 | ## | $a | РГВА |
| | $j | Л. 474-475 |
| 856 | 4# | $n | ПБ им. Б.Н. Ельцина |
| | $u | http://readingroom.main.prlib.ru/item.aspx?id_node=n167742482&mode=full |
| 035 | ## | $a | LIBNET\0001178268 |
| 937 | ## | $d | 167742482 |
| | $h | Федеральное архивное агентство |